[Event "ODJM B 2025"]
[Site "Willingen GER"]
[Date "2025.06.11"]
[Round "6"]
[White "Göb, Franziska"]
[Black "Junge, Julia Marie"]
[Result "1/2-1/2"]
[Termination "normal"]
[Board "30"]
[WhiteElo "1611"]
[BlackElo "1734"]
[WhiteClock "00:01:09"]
[BlackClock "00:38:30"]
[PlyCount "83"]
[WhiteFideId "16293177"]
[BlackFideId "16293908"]
[EventCountry "GER"]
[EventRounds "9"]
[EventType "swiss"]
[EventDate "2025.06.07"]

1. e4 {[%clk 01:30:59]} {[%emt 00:00:01]} e5 {[%clk 01:30:47]} {[%emt
00:00:13]} 2. Nf3 {[%clk 01:31:25]} {[%emt 00:00:04]} Nc6 {[%clk 01:31:06]}
{[%emt 00:00:11]} 3. Bc4 {[%clk 01:31:52]} {[%emt 00:00:04]} Bc5 {[%clk
01:31:14]} {[%emt 00:00:21]} 4. c3 {[%clk 01:32:17]} {[%emt 00:00:05]} Nf6
{[%clk 01:31:08]} {[%emt 00:00:36]} 5. d3 {[%clk 01:32:43]} {[%emt 00:00:05]}
d6 {[%clk 01:29:49]} {[%emt 00:01:48]} 6. h3 {[%clk 01:33:01]} {[%emt
00:00:12]} Be6 {[%clk 01:29:07]} {[%emt 00:01:10]} 7. Bb3 {[%clk 01:32:26]}
{[%emt 00:01:07]} h6 {[%clk 01:28:19]} {[%emt 00:01:18]} 8. Nbd2 {[%clk
01:31:15]} {[%emt 00:01:42]} O-O {[%clk 01:23:13]} {[%emt 00:05:35]} 9. Nf1
{[%clk 01:29:30]} {[%emt 00:02:15]} Ne7 {[%clk 01:17:29]} {[%emt 00:06:15]} 10.
Ng3 {[%clk 01:27:32]} {[%emt 00:02:27]} Ng6 {[%clk 01:16:12]} {[%emt 00:01:47]}
11. O-O {[%clk 01:25:52]} {[%emt 00:02:10]} Qd7 {[%clk 01:10:52]} {[%emt
00:05:50]} 12. Be3 {[%clk 01:22:07]} {[%emt 00:04:15]} Bb6 {[%clk 01:09:34]}
{[%emt 00:01:49]} 13. Bc2 {[%clk 01:19:01]} {[%emt 00:03:35]} Rad8 {[%clk
01:07:17]} {[%emt 00:02:48]} 14. d4 {[%clk 01:10:35]} {[%emt 00:08:55]} c6
{[%clk 01:02:06]} {[%emt 00:05:42]} 15. Re1 {[%clk 01:00:22]} {[%emt 00:10:42]}
Bc7 {[%clk 00:59:20]} {[%emt 00:03:16]} 16. a4 {[%clk 00:56:03]} {[%emt
00:04:49]} a5 {[%clk 00:58:10]} {[%emt 00:01:40]} 17. Rc1 {[%clk 00:52:19]}
{[%emt 00:04:14]} b5 {[%clk 00:51:10]} {[%emt 00:07:31]} 18. axb5 {[%clk
00:48:16]} {[%emt 00:04:33]} cxb5 {[%clk 00:51:01]} {[%emt 00:00:38]} 19. d5
{[%clk 00:46:37]} {[%emt 00:02:09]} Bxh3 {[%clk 00:50:52]} {[%emt 00:00:39]}
20. gxh3 {[%clk 00:46:50]} {[%emt 00:00:17]} Qxh3 {[%clk 00:51:17]} {[%emt
00:00:05]} 21. Qe2 {[%clk 00:39:45]} {[%emt 00:07:35]} Ng4 {[%clk 00:50:42]}
{[%emt 00:01:06]} 22. Qf1 {[%clk 00:33:52]} {[%emt 00:06:21]} Qxf1+ {[%clk
00:49:35]} {[%emt 00:01:39]} 23. Kxf1 {[%clk 00:32:22]} {[%emt 00:02:00]} Nxe3+
{[%clk 00:48:32]} {[%emt 00:01:33]} 24. Rxe3 {[%clk 00:30:34]} {[%emt
00:02:17]} Bb6 {[%clk 00:48:54]} {[%emt 00:00:09]} 25. Ree1 {[%clk 00:30:07]}
{[%emt 00:00:56]} Nf4 {[%clk 00:48:55]} {[%emt 00:00:29]} 26. Rcd1 {[%clk
00:24:10]} {[%emt 00:06:27]} g6 {[%clk 00:48:34]} {[%emt 00:00:52]} 27. Ng1
{[%clk 00:21:01]} {[%emt 00:03:39]} Rc8 {[%clk 00:46:15]} {[%emt 00:02:50]} 28.
Bb1 {[%clk 00:19:58]} {[%emt 00:01:32]} Kg7 {[%clk 00:46:09]} {[%emt 00:00:36]}
29. N3e2 {[%clk 00:19:16]} {[%emt 00:01:11]} Nxe2 {[%clk 00:45:40]} {[%emt
00:01:00]} 30. Kxe2 {[%clk 00:18:28]} {[%emt 00:01:18]} f5 {[%clk 00:45:44]}
{[%emt 00:00:25]} 31. exf5 {[%clk 00:18:15]} {[%emt 00:00:43]} gxf5 {[%clk
00:46:08]} {[%emt 00:00:07]} 32. Nf3 {[%clk 00:16:40]} {[%emt 00:02:05]} Kf6
{[%clk 00:44:08]} {[%emt 00:02:30]} 33. Rh1 {[%clk 00:15:12]} {[%emt 00:01:58]}
Rh8 {[%clk 00:42:13]} {[%emt 00:02:25]} 34. Rdg1 {[%clk 00:13:54]} {[%emt
00:01:47]} e4 {[%clk 00:42:09]} {[%emt 00:00:35]} 35. Nh4 {[%clk 00:13:05]}
{[%emt 00:01:18]} Rcg8 {[%clk 00:42:10]} {[%emt 00:00:29]} 36. Ng2 {[%clk
00:11:34]} {[%emt 00:02:01]} Ke5 {[%clk 00:40:06]} {[%emt 00:02:36]} 37. Ne3
{[%clk 00:09:31]} {[%emt 00:02:32]} Rxg1 {[%clk 00:40:19]} {[%emt 00:00:17]}
38. Rxg1 {[%clk 00:09:51]} {[%emt 00:00:10]} Bxe3 {[%clk 00:40:45]} {[%emt
00:00:04]} 39. Kxe3 {[%clk 00:09:11]} {[%emt 00:01:10]} f4+ {[%clk 00:37:54]}
{[%emt 00:03:20]} 40. Ke2 {[%clk 00:08:54]} {[%emt 00:00:47]} Kxd5 {[%clk
00:38:18]} {[%emt 00:00:07]} 41. Rh1 {[%clk 00:01:11]} {[%emt 00:08:12]} h5
{[%clk 00:38:30]} {[%emt 00:00:19]} 42. Ba2+ {[%clk 00:01:09]} {[%emt
00:00:32]} 1/2-1/2

[Event "ODJM B 2025"]
[Site "Willingen GER"]
[Date "2025.06.11"]
[Round "6"]
[White "Hesse, Frederik"]
[Black "Storey, Cameron"]
[Result "0-1"]
[Termination "normal"]
[Board "31"]
[WhiteElo "1663"]
[BlackElo "1712"]
[WhiteClock "00:50:35"]
[BlackClock "00:25:10"]
[PlyCount "96"]
[WhiteFideId "34600094"]
[BlackFideId "343453929"]
[EventCountry "GER"]
[EventRounds "9"]
[EventType "swiss"]
[EventDate "2025.06.07"]

1. d4 {[%clk 01:30:50]} {[%emt 00:00:09]} g6 {[%clk 01:30:56]} {[%emt
00:00:04]} 2. Nf3 {[%clk 01:30:38]} {[%emt 00:00:43]} Bg7 {[%clk 01:31:21]}
{[%emt 00:00:05]} 3. Bf4 {[%clk 01:30:59]} {[%emt 00:00:09]} d6 {[%clk
01:31:37]} {[%emt 00:00:14]} 4. e4 {[%clk 01:30:47]} {[%emt 00:00:41]} Nc6
{[%clk 01:30:54]} {[%emt 00:01:13]} 5. Bc4 {[%clk 01:30:45]} {[%emt 00:00:32]}
Nf6 {[%clk 01:30:40]} {[%emt 00:00:44]} 6. Nc3 {[%clk 01:30:09]} {[%emt
00:01:07]} O-O {[%clk 01:29:57]} {[%emt 00:01:13]} 7. O-O {[%clk 01:30:29]}
{[%emt 00:00:10]} Nh5 {[%clk 01:26:50]} {[%emt 00:03:36]} 8. Bg5 {[%clk
01:28:56]} {[%emt 00:02:03]} h6 {[%clk 01:25:27]} {[%emt 00:01:53]} 9. Be3
{[%clk 01:28:21]} {[%emt 00:01:05]} e5 {[%clk 01:22:41]} {[%emt 00:03:17]} 10.
d5 {[%clk 01:28:33]} {[%emt 00:00:18]} Ne7 {[%clk 01:22:55]} {[%emt 00:00:15]}
11. Qd2 {[%clk 01:28:50]} {[%emt 00:00:14]} Kh7 {[%clk 01:23:17]} {[%emt
00:00:08]} 12. Be2 {[%clk 01:28:31]} {[%emt 00:00:48]} f5 {[%clk 01:14:17]}
{[%emt 00:09:30]} 13. exf5 {[%clk 01:25:49]} {[%emt 00:03:13]} Nxf5 {[%clk
01:14:41]} {[%emt 00:00:06]} 14. Bd3 {[%clk 01:25:31]} {[%emt 00:00:47]} Nxe3
{[%clk 01:14:46]} {[%emt 00:00:25]} 15. fxe3 {[%clk 01:25:26]} {[%emt
00:00:37]} Bf5 {[%clk 01:12:48]} {[%emt 00:02:27]} 16. Bxf5 {[%clk 01:25:18]}
{[%emt 00:00:38]} gxf5 {[%clk 01:12:58]} {[%emt 00:00:21]} 17. Qe2 {[%clk
01:25:20]} {[%emt 00:00:27]} e4 {[%clk 01:11:10]} {[%emt 00:02:18]} 18. Nd4
{[%clk 01:25:12]} {[%emt 00:00:37]} Bxd4 {[%clk 01:11:33]} {[%emt 00:00:07]}
19. exd4 {[%clk 01:25:35]} {[%emt 00:00:08]} Qg5 {[%clk 01:11:50]} {[%emt
00:00:12]} 20. Rae1 {[%clk 01:24:33]} {[%emt 00:01:32]} Rae8 {[%clk 01:11:10]}
{[%emt 00:01:10]} 21. Nb5 {[%clk 01:19:55]} {[%emt 00:05:09]} Rf7 {[%clk
01:05:47]} {[%emt 00:05:52]} 22. Qf2 {[%clk 01:15:58]} {[%emt 00:04:27]} f4
{[%clk 01:01:18]} {[%emt 00:04:59]} 23. Nc3 {[%clk 01:15:26]} {[%emt 00:01:03]}
Qg6 {[%clk 00:58:54]} {[%emt 00:02:53]} 24. Re3 {[%clk 01:08:08]} {[%emt
00:07:48]} Rg7 {[%clk 00:50:10]} {[%emt 00:09:14]} 25. Rh3 {[%clk 00:58:23]}
{[%emt 00:10:15]} f3 {[%clk 00:50:23]} {[%emt 00:00:18]} 26. g3 {[%clk
00:57:43]} {[%emt 00:01:10]} Qg4 {[%clk 00:46:22]} {[%emt 00:04:30]} 27. Rxh5
{[%clk 00:57:18]} {[%emt 00:00:56]} Qxh5 {[%clk 00:46:47]} {[%emt 00:00:04]}
28. Qe3 {[%clk 00:57:27]} {[%emt 00:00:21]} Qg5 {[%clk 00:44:14]} {[%emt
00:03:03]} 29. Qe1 {[%clk 00:56:50]} {[%emt 00:01:07]} Rge7 {[%clk 00:37:14]}
{[%emt 00:07:30]} 30. Rf2 {[%clk 00:52:33]} {[%emt 00:04:47]} h5 {[%clk
00:35:43]} {[%emt 00:02:01]} 31. Kh1 {[%clk 00:52:16]} {[%emt 00:00:48]} h4
{[%clk 00:35:40]} {[%emt 00:00:33]} 32. Rf1 {[%clk 00:52:31]} {[%emt 00:00:15]}
hxg3 {[%clk 00:35:19]} {[%emt 00:00:49]} 33. hxg3 {[%clk 00:52:15]} {[%emt
00:00:47]} Qh6+ {[%clk 00:35:36]} {[%emt 00:00:13]} 34. Kg1 {[%clk 00:52:35]}
{[%emt 00:00:10]} Kg7 {[%clk 00:35:41]} {[%emt 00:00:25]} 35. Kf2 {[%clk
00:52:35]} {[%emt 00:00:31]} e3+ {[%clk 00:33:52]} {[%emt 00:02:18]} 36. Kxf3
{[%clk 00:52:40]} {[%emt 00:00:25]} Qh5+ {[%clk 00:33:54]} {[%emt 00:00:28]}
37. Kg2 {[%clk 00:52:55]} {[%emt 00:00:15]} Rh8 {[%clk 00:34:01]} {[%emt
00:00:23]} 38. Rf4 {[%clk 00:51:09]} {[%emt 00:02:16]} Qh3+ {[%clk 00:30:23]}
{[%emt 00:04:08]} 39. Kf3 {[%clk 00:51:21]} {[%emt 00:00:18]} Qh5+ {[%clk
00:28:43]} {[%emt 00:02:10]} 40. Kg2 {[%clk 00:51:15]} {[%emt 00:00:36]} e2
{[%clk 00:28:37]} {[%emt 00:00:36]} 41. Rh4 {[%clk 00:51:21]} {[%emt 00:00:25]}
Qf5 {[%clk 00:27:11]} {[%emt 00:01:54]} 42. Rxh8 {[%clk 00:51:09]} {[%emt
00:00:43]} Kxh8 {[%clk 00:27:35]} {[%emt 00:00:06]} 43. Nxe2 {[%clk 00:50:48]}
{[%emt 00:00:51]} Qxc2 {[%clk 00:27:41]} {[%emt 00:00:24]} 44. Kf1 {[%clk
00:50:28]} {[%emt 00:00:50]} Qf5+ {[%clk 00:27:52]} {[%emt 00:00:18]} 45. Kg1
{[%clk 00:50:46]} {[%emt 00:00:13]} Qe4 {[%clk 00:28:13]} {[%emt 00:00:09]} 46.
Kf1 {[%clk 00:50:46]} {[%emt 00:00:30]} Rh7 {[%clk 00:26:02]} {[%emt 00:02:41]}
47. Qf2 {[%clk 00:50:20]} {[%emt 00:00:56]} Qb1+ {[%clk 00:24:50]} {[%emt
00:01:43]} 48. Kg2 {[%clk 00:50:35]} {[%emt 00:00:14]} Qh1# {[%clk 00:25:10]}
{[%emt 00:00:09]} 0-1

[Event "ODJM B 2025"]
[Site "Willingen GER"]
[Date "2025.06.11"]
[Round "6"]
[White "Huppert, Anna"]
[Black "Matsarski, David"]
[Result "1-0"]
[Termination "normal"]
[Board "32"]
[WhiteElo "1630"]
[BlackElo "1723"]
[WhiteClock "00:30:14"]
[BlackClock "00:53:25"]
[PlyCount "91"]
[WhiteFideId "16214439"]
[BlackFideId "34663355"]
[EventCountry "GER"]
[EventRounds "9"]
[EventType "swiss"]
[EventDate "2025.06.07"]

1. e4 {[%clk 01:30:58]} c5 {[%clk 01:30:55]} {[%emt 00:00:06]} 2. Nf3 {[%clk
01:31:04]} {[%emt 00:00:25]} d6 {[%clk 01:30:44]} {[%emt 00:00:40]} 3. Bb5+
{[%clk 01:31:29]} {[%emt 00:00:05]} Bd7 {[%clk 01:30:49]} {[%emt 00:00:25]} 4.
Bxd7+ {[%clk 01:31:52]} {[%emt 00:00:08]} Qxd7 {[%clk 01:30:56]} {[%emt
00:00:22]} 5. c4 {[%clk 01:32:01]} {[%emt 00:00:20]} g6 {[%clk 01:30:34]}
{[%emt 00:00:53]} 6. d4 {[%clk 01:31:56]} {[%emt 00:00:35]} cxd4 {[%clk
01:29:42]} {[%emt 00:01:22]} 7. Nxd4 {[%clk 01:32:00]} {[%emt 00:00:27]} Bg7
{[%clk 01:29:18]} {[%emt 00:00:54]} 8. Nc3 {[%clk 01:31:47]} {[%emt 00:00:43]}
e6 {[%clk 01:28:20]} {[%emt 00:01:27]} 9. Qd3 {[%clk 01:17:11]} {[%emt
00:15:05]} a6 {[%clk 01:28:05]} {[%emt 00:00:46]} 10. b3 {[%clk 01:13:59]}
{[%emt 00:03:42]} Ne7 {[%clk 01:25:53]} {[%emt 00:02:43]} 11. Bb2 {[%clk
01:11:26]} {[%emt 00:03:02]} O-O {[%clk 01:23:25]} {[%emt 00:02:57]} 12. O-O
{[%clk 01:11:38]} {[%emt 00:00:19]} Nbc6 {[%clk 01:21:41]} {[%emt 00:02:14]}
13. Nxc6 {[%clk 01:10:21]} {[%emt 00:01:47]} bxc6 {[%clk 01:19:05]} {[%emt
00:03:07]} 14. Na4 {[%clk 01:08:22]} {[%emt 00:02:28]} Bxb2 {[%clk 01:16:45]}
{[%emt 00:02:50]} 15. Nxb2 {[%clk 01:08:18]} {[%emt 00:00:34]} c5 {[%clk
01:13:12]} {[%emt 00:04:03]} 16. Rad1 {[%clk 01:04:13]} {[%emt 00:04:35]} Rfd8
{[%clk 01:12:20]} {[%emt 00:01:22]} 17. Na4 {[%clk 01:00:25]} {[%emt 00:04:18]}
Qc7 {[%clk 01:10:37]} {[%emt 00:02:12]} 18. Qe3 {[%clk 00:54:14]} {[%emt
00:06:42]} Kg7 {[%clk 01:08:56]} {[%emt 00:02:10]} 19. Qc3+ {[%clk 00:49:43]}
{[%emt 00:05:01]} Kg8 {[%clk 01:05:44]} {[%emt 00:03:42]} 20. Qe3 {[%clk
00:42:51]} {[%emt 00:07:23]} Kg7 {[%clk 01:02:57]} {[%emt 00:03:17]} 21. f4
{[%clk 00:39:39]} {[%emt 00:03:41]} Rac8 {[%clk 00:59:39]} {[%emt 00:03:49]}
22. Nc3 {[%clk 00:38:21]} {[%emt 00:01:48]} d5 {[%clk 00:55:28]} {[%emt
00:04:41]} 23. f5 {[%clk 00:28:38]} {[%emt 00:10:12]} exf5 {[%clk 00:43:25]}
{[%emt 00:12:33]} 24. exd5 {[%clk 00:26:00]} {[%emt 00:03:09]} Qd6 {[%clk
00:38:24]} {[%emt 00:05:32]} 25. Rf3 {[%clk 00:22:19]} {[%emt 00:04:10]} h6
{[%clk 00:34:37]} {[%emt 00:04:16]} 26. Re1 {[%clk 00:18:18]} {[%emt 00:04:31]}
Re8 {[%clk 00:32:56]} {[%emt 00:02:11]} 27. Qe5+ {[%clk 00:16:58]} {[%emt
00:01:50]} Qxe5 {[%clk 00:33:03]} {[%emt 00:00:23]} 28. Rxe5 {[%clk 00:17:21]}
{[%emt 00:00:08]} Kf6 {[%clk 00:32:49]} {[%emt 00:00:43]} 29. Rfe3 {[%clk
00:17:06]} {[%emt 00:00:46]} Rcd8 {[%clk 00:25:02]} {[%emt 00:08:16]} 30. Na4
{[%clk 00:13:23]} {[%emt 00:04:14]} f4 {[%clk 00:24:25]} {[%emt 00:01:07]} 31.
Re1 {[%clk 00:13:26]} {[%emt 00:00:27]} Rd6 {[%clk 00:22:52]} {[%emt 00:02:03]}
32. a3 {[%clk 00:10:37]} {[%emt 00:03:19]} g5 {[%clk 00:22:54]} {[%emt
00:00:28]} 33. b4 {[%clk 00:10:22]} {[%emt 00:00:45]} cxb4 {[%clk 00:22:48]}
{[%emt 00:00:36]} 34. axb4 {[%clk 00:10:45]} {[%emt 00:00:07]} Rd7 {[%clk
00:23:01]} {[%emt 00:00:17]} 35. Nb6 {[%clk 00:09:24]} {[%emt 00:01:51]} Rb7
{[%clk 00:22:41]} {[%emt 00:00:50]} 36. c5 {[%clk 00:09:33]} {[%emt 00:00:20]}
Rd8 {[%clk 00:21:57]} {[%emt 00:01:15]} 37. d6 {[%clk 00:06:04]} {[%emt
00:03:59]} Nc6 {[%clk 00:22:13]} {[%emt 00:00:14]} 38. Nd5+ {[%clk 00:06:02]}
{[%emt 00:00:31]} Kg7 {[%clk 00:21:59]} {[%emt 00:00:45]} 39. R5e4 {[%clk
00:05:32]} {[%emt 00:01:00]} Rdd7 {[%clk 00:22:00]} {[%emt 00:00:29]} 40. Ra1
{[%clk 00:05:12]} {[%emt 00:00:49]} Ra7 {[%clk 00:22:08]} {[%emt 00:00:23]} 41.
Nb6 {[%clk 00:04:59]} {[%emt 00:00:43]} Rd8 {[%clk 00:22:20]} {[%emt 00:00:18]}
42. d7 {[%clk 00:02:45]} {[%emt 00:02:44]} Kf6 {[%clk 00:22:19]} {[%emt
00:00:31]} 43. Re8 {[%clk 00:29:27]} {[%emt 00:03:48]} Rdxd7 {[%clk 00:52:43]}
{[%emt 00:00:06]} 44. Nxd7+ {[%clk 00:29:44]} {[%emt 00:00:13]} Rxd7 {[%clk
00:53:08]} {[%emt 00:00:04]} 45. Rxa6 {[%clk 00:30:05]} {[%emt 00:00:10]} Rc7
{[%clk 00:53:25]} {[%emt 00:00:13]} 46. b5 {[%clk 00:30:14]} {[%emt 00:00:20]}
1-0

[Event "ODJM B 2025"]
[Site "Willingen GER"]
[Date "2025.06.11"]
[Round "6"]
[White "Heitmann, Erik"]
[Black "Schiewe, Nadin"]
[Result "1-0"]
[Termination "normal"]
[Board "33"]
[WhiteElo "1798"]
[BlackElo "1764"]
[WhiteClock "00:32:41"]
[BlackClock "00:05:39"]
[PlyCount "79"]
[WhiteFideId "34608940"]
[BlackFideId "16209079"]
[EventCountry "GER"]
[EventRounds "9"]
[EventType "swiss"]
[EventDate "2025.06.07"]

1. d4 {[%clk 01:30:40]} {[%emt 00:00:19]} d5 {[%clk 01:30:55]} {[%emt
00:00:06]} 2. c4 {[%clk 01:31:05]} {[%emt 00:00:04]} e6 {[%clk 01:31:19]}
{[%emt 00:00:07]} 3. Nf3 {[%clk 01:31:17]} {[%emt 00:00:17]} c6 {[%clk
01:31:35]} {[%emt 00:00:15]} 4. b3 {[%clk 01:31:42]} {[%emt 00:00:04]} Bd6
{[%clk 01:30:55]} {[%emt 00:01:09]} 5. g3 {[%clk 01:32:00]} {[%emt 00:00:13]}
Nf6 {[%clk 01:31:00]} {[%emt 00:00:25]} 6. Bg2 {[%clk 01:32:18]} {[%emt
00:00:12]} Ne4 {[%clk 01:30:40]} {[%emt 00:00:51]} 7. O-O {[%clk 01:32:12]}
{[%emt 00:00:35]} Nd7 {[%clk 01:29:49]} {[%emt 00:01:21]} 8. Ba3 {[%clk
01:30:46]} {[%emt 00:01:57]} Ndf6 {[%clk 01:20:53]} {[%emt 00:09:26]} 9. Bxd6
{[%clk 01:30:38]} {[%emt 00:00:38]} Qxd6 {[%clk 01:21:15]} {[%emt 00:00:06]}
10. Qd3 {[%clk 01:28:10]} {[%emt 00:02:59]} Bd7 {[%clk 01:18:18]} {[%emt
00:03:27]} 11. Ne5 {[%clk 01:27:22]} {[%emt 00:01:18]} O-O {[%clk 01:17:30]}
{[%emt 00:01:18]} 12. f3 {[%clk 01:21:08]} {[%emt 00:06:44]} Ng5 {[%clk
01:07:01]} {[%emt 00:10:58]} 13. h4 {[%clk 01:20:39]} {[%emt 00:00:59]} Nh5
{[%clk 00:55:17]} {[%emt 00:12:15]} 14. hxg5 {[%clk 01:16:17]} {[%emt
00:04:53]} Nxg3 {[%clk 00:55:07]} {[%emt 00:00:39]} 15. Rf2 {[%clk 01:16:05]}
{[%emt 00:00:41]} Be8 {[%clk 00:54:02]} {[%emt 00:01:36]} 16. c5 {[%clk
01:15:20]} {[%emt 00:01:15]} Qe7 {[%clk 00:53:15]} {[%emt 00:01:16]} 17. f4
{[%clk 01:15:38]} {[%emt 00:00:13]} Nh5 {[%clk 00:44:07]} {[%emt 00:09:38]} 18.
Qh3 {[%clk 01:14:01]} {[%emt 00:02:04]} f6 {[%clk 00:43:36]} {[%emt 00:01:04]}
19. gxf6 {[%clk 01:14:06]} {[%emt 00:00:25]} Rxf6 {[%clk 00:38:08]} {[%emt
00:05:57]} 20. e3 {[%clk 01:12:17]} {[%emt 00:02:20]} g6 {[%clk 00:33:55]}
{[%emt 00:04:42]} 21. Nd2 {[%clk 01:09:55]} {[%emt 00:02:52]} Ng7 {[%clk
00:32:54]} {[%emt 00:01:31]} 22. Ng4 {[%clk 01:07:24]} {[%emt 00:03:00]} Rf8
{[%clk 00:32:53]} {[%emt 00:00:31]} 23. Nh6+ {[%clk 01:07:48]} {[%emt
00:00:06]} Kh8 {[%clk 00:33:18]} {[%emt 00:00:05]} 24. Nf3 {[%clk 01:07:14]}
{[%emt 00:01:05]} Nh5 {[%clk 00:26:30]} {[%emt 00:07:18]} 25. Ng5 {[%clk
01:06:35]} {[%emt 00:01:09]} Bd7 {[%clk 00:25:06]} {[%emt 00:01:54]} 26. Bf3
{[%clk 01:04:13]} {[%emt 00:02:52]} e5 {[%clk 00:22:18]} {[%emt 00:03:19]} 27.
Bg4 {[%clk 01:04:21]} {[%emt 00:00:21]} Bxg4 {[%clk 00:17:22]} {[%emt
00:05:26]} 28. Qxg4 {[%clk 01:04:20]} {[%emt 00:00:31]} exf4 {[%clk 00:16:58]}
{[%emt 00:00:55]} 29. exf4 {[%clk 01:02:41]} {[%emt 00:02:08]} Qe3 {[%clk
00:14:43]} {[%emt 00:02:44]} 30. Nhf7+ {[%clk 00:53:13]} {[%emt 00:09:58]} Kg7
{[%clk 00:12:38]} {[%emt 00:02:35]} 31. Ne5 {[%clk 00:51:46]} {[%emt 00:01:58]}
Nf6 {[%clk 00:12:21]} {[%emt 00:00:47]} 32. Qe2 {[%emt 00:10:15]} Qxe2 {[%clk
00:11:26]} 33. Ne6+ {[%clk 00:39:23]} {[%emt 00:04:33]} Kg8 {[%clk 00:09:52]}
{[%emt 00:02:03]} 34. Rxe2 {[%clk 00:39:16]} {[%emt 00:00:38]} Rfc8 {[%clk
00:08:49]} {[%emt 00:01:33]} 35. f5 {[%clk 00:38:38]} {[%emt 00:01:08]} Ne4
{[%clk 00:07:59]} {[%emt 00:01:20]} 36. fxg6 {[%clk 00:36:54]} {[%emt
00:02:14]} hxg6 {[%clk 00:08:19]} {[%emt 00:00:10]} 37. Rg2 {[%clk 00:34:24]}
{[%emt 00:02:58]} g5 {[%clk 00:06:20]} {[%emt 00:02:31]} 38. Rf1 {[%clk
00:33:41]} {[%emt 00:01:11]} Re8 {[%clk 00:05:30]} {[%emt 00:01:21]} 39. Nxg5
{[%clk 00:32:17]} {[%emt 00:01:54]} Nxg5 {[%clk 00:05:39]} {[%emt 00:00:21]}
40. Rxg5+ {[%clk 00:32:41]} {[%emt 00:00:06]} 1-0

[Event "ODJM B 2025"]
[Site "Willingen GER"]
[Date "2025.06.11"]
[Round "6"]
[White "Hladeniuk, Yelyzaveta"]
[Black "Wolf, Helena"]
[Result "1/2-1/2"]
[Termination "normal"]
[Board "34"]
[WhiteElo "1642"]
[BlackElo "1702"]
[WhiteClock "00:41:49"]
[BlackClock "00:22:30"]
[PlyCount "46"]
[WhiteFideId "34176128"]
[BlackFideId "34671030"]
[EventCountry "GER"]
[EventRounds "9"]
[EventType "swiss"]
[EventDate "2025.06.07"]

1. d4 {[%clk 01:30:59]} {[%emt 00:00:01]} Nf6 {[%clk 01:30:53]} {[%emt
00:00:07]} 2. c4 {[%clk 01:31:24]} {[%emt 00:00:05]} e6 {[%clk 01:31:17]}
{[%emt 00:00:06]} 3. Nc3 {[%clk 01:31:49]} {[%emt 00:00:04]} Bb4 {[%clk
01:31:42]} {[%emt 00:00:05]} 4. Bg5 {[%clk 01:23:17]} {[%emt 00:09:02]} h6
{[%clk 01:32:03]} {[%emt 00:00:09]} 5. Bh4 {[%clk 01:22:40]} {[%emt 00:01:07]}
b6 {[%clk 01:32:27]} {[%emt 00:00:07]} 6. e3 {[%clk 01:21:59]} {[%emt
00:01:10]} g5 {[%clk 01:32:03]} {[%emt 00:00:54]} 7. Bg3 {[%clk 01:22:08]}
{[%emt 00:00:20]} Ne4 {[%clk 01:32:26]} {[%emt 00:00:07]} 8. Nge2 {[%clk
01:18:41]} {[%emt 00:03:58]} h5 {[%clk 01:31:02]} {[%emt 00:01:54]} 9. f3
{[%clk 01:11:20]} {[%emt 00:07:51]} Nxg3 {[%clk 01:24:19]} {[%emt 00:07:13]}
10. Nxg3 {[%clk 01:07:47]} {[%emt 00:04:03]} Bxc3+ {[%clk 01:23:24]} {[%emt
00:01:25]} 11. bxc3 {[%clk 01:07:46]} {[%emt 00:00:31]} h4 {[%clk 01:23:36]}
{[%emt 00:00:17]} 12. Ne4 {[%clk 01:05:33]} {[%emt 00:02:43]} f5 {[%clk
01:22:59]} {[%emt 00:01:07]} 13. Nf2 {[%clk 01:05:20]} {[%emt 00:00:44]} Bb7
{[%clk 01:21:24]} {[%emt 00:02:05]} 14. Rg1 {[%clk 00:55:54]} {[%emt 00:09:54]}
d6 {[%clk 01:11:48]} {[%emt 00:10:07]} 15. Bd3 {[%clk 00:52:08]} {[%emt
00:04:16]} Qf6 {[%clk 01:01:01]} {[%emt 00:11:17]} 16. e4 {[%clk 00:48:32]}
{[%emt 00:04:07]} c5 {[%clk 00:58:46]} {[%emt 00:02:45]} 17. Bc2 {[%clk
00:47:46]} {[%emt 00:01:13]} Ba6 {[%clk 00:49:28]} {[%emt 00:09:50]} 18. Ba4+
{[%clk 00:46:46]} {[%emt 00:01:30]} Nd7 {[%clk 00:40:34]} {[%emt 00:09:25]} 19.
Bb5 {[%clk 00:44:15]} {[%emt 00:03:00]} Bxb5 {[%clk 00:36:23]} {[%emt
00:04:41]} 20. cxb5 {[%clk 00:44:34]} {[%emt 00:00:11]} c4 {[%clk 00:34:33]}
{[%emt 00:02:21]} 21. Qe2 {[%clk 00:43:18]} {[%emt 00:01:45]} Rc8 {[%clk
00:32:14]} {[%emt 00:02:49]} 22. Rb1 {[%clk 00:42:50]} {[%emt 00:00:57]} Kf7
{[%clk 00:30:45]} {[%emt 00:02:00]} 23. Kd2 {[%clk 00:41:49]} {[%emt 00:01:31]}
d5 {[%clk 00:22:30]} {[%emt 00:08:45]} 1/2-1/2